书目信息 |
| 题名: |
水化学与微生物学
|
|
| 作者: | 沃兹娜娅 , Воиая 著 ;周开君 , 郑元景 译 | |
| 分册: | ||
| 出版信息: | 北京 中国建筑工业出版社 1983 |
|
| 页数: | 354页 | |
| 开本: | 21cm | |
| 丛书名: | ||
| 单 册: | ||
| 中图分类: | R123.5 | |
| 科图分类: | ||
| 主题词: | 水化学 , 水生微生物 | |
| 电子资源: | ||
| ISBN: | ||
| 000 | 00971nam0 2200301 45 | |
| 001 | 0183006784 | |
| 005 | 20060820151841.73 | |
| 010 | @dCNY1.85 | |
| 091 | @a15040.4520 | |
| 100 | @a19950810d1983 em y0chiy0121 ea | |
| 101 | 1 | @achi@crus |
| 102 | @aCN@b110000 | |
| 105 | @ay z 000yy | |
| 200 | 10 | @a水化学与微生物学@Ashui hua xue yu wei sheng wu xue@f(苏)沃兹娜娅(Н.Ф.Возная)著@g周开君,郑元景译 |
| 210 | @a北京@c中国建筑工业出版社@d1983 | |
| 215 | @a354页@d21cm | |
| 300 | @a书名原文:Химия воды и микробиология | |
| 510 | 1 | @aХимия воды и микробиология@zrus |
| 606 | @a水化学 | |
| 606 | @a水生微生物 | |
| 690 | @aR123.5@v3 | |
| 701 | 1 | @a沃兹娜娅@Awo zi na ya@bН.Ф.@4著 |
| 701 | A1 | @aВоиая@AВоиая@bН.Ф.@4著 |
| 702 | 0 | @a周开君@Azhou kai jun@4译 |
| 702 | 0 | @a郑元景@Azheng yuan jing@4译 |
| 801 | 0 | @aCN@bTSSF@c20060820 |
| 801 | 2 | @aCN@bNLC@c20060725 |
| 905 | @a10447@dR123.5@e33 | |
| 水化学与微生物学/(苏)沃兹娜娅(Н.Ф.Возная)著/周开君,郑元景译.-北京:中国建筑工业出版社,1983 |
| 354页;21cm |
| 书名原文:Химия воды и микробиология |
| ISBN :CNY1.85 |
| ● |
| 相关链接 |
|
|
|
|
正题名:水化学与微生物学
索取号:R123.5/33
 
预约/预借
| 序号 | 登录号 | 条形码 | 馆藏地/架位号 | 状态 | 备注 |
| 1 | 0438423 | 204384237 | 密集书库/ [索取号:R123.5/33] | 在馆 | |
| 2 | 0470416 | 204704169 | 密集书库/ [索取号:R123.5/33] | 在馆 | |
| 3 | 0470457 | 204704579 | 密集书库/ [索取号:R123.5/33] | 在馆 |